000 00562nam a22001937a 4500
003 BCEG
005 20260317173032.0
008 260317s1957 mx|||||| |||| 00| 0 spa d
040 _aBCEG
_bspa
_cBCEG
082 0 4 _a305.42
_bC129b
100 1 _aCarranza , Salvador.
245 1 3 _aLa mujer frente a la vida
_b: el libro de la colegiala.
260 _aMéxico :
_bArzobispado Primado de México,
_c1957.
300 _a637 p.
541 _aDonación.
650 1 4 _aMujer
_xCuestiones sociales y morales.
650 1 4 _aEducación religiosa
_zMéxico.
942 _cBK
999 _c437107
_d437107